One Team NHL Hockey Players - Statistics

General Stats
  • This quiz has been taken 108 times
  • The average score is 19 of 36
Answer Stats
Years Team Player % Correct
2005- Penguins Sidney Crosby
98%
2005- Capitals Alexander Ovechkin
96%
2008- Lightning Steven Stamkos
92%
2007- Canadiens Carey Price
85%
2005- Ducks Ryan Getzlaf
81%
2000-2018 Canucks Daniel Sedin
80%
2005- Rangers Henrik Lundqvist
80%
2000-2018 Canucks Henrik Sedin
80%
2003- Bruins Patrice Bergeron
75%
1984-2006 Penguins Mario Lemieux
74%
1988-2009 Avalanche Joe Sakic
68%
1983-2006 Red Wings Steve Yzerman
66%
2002-2018 Red Wings Henrik Zetterberg
64%
1995-2017 Coyotes Shane Doan
62%
2001-2016 Red Wings Pavel Datsyuk
60%
1977-1987 Islanders Mike Bossy
59%
1955-1975 Canadiens Henri Richard
58%
1942-1960 Canadiens Maurice Richard
58%
1987-2012 Red Wings Nicklas Lidström
55%
1995-2016 Devils Patrik Eliáš
53%
1969-1984 Flyers Bobby Clarke
48%
1950-1971 Canadiens Jean Béliveau
43%
2005- Flames Mark Giordano
43%
1958-1980 Blackhawks Stan Mikita
41%
1973-1988 Islanders Denis Potvin
38%
1970-1986 Sabres Gilbert Perreault
33%
1970-1979 Canadiens Ken Dryden
32%
1997-2015 Senators Chris Phillips
27%
1950-1973 Red Wings Alex Delvecchio
20%
1963-1979 Canadiens Yvan Cournoyer
19%
1977-1994 Kings Dave Taylor
18%
1960-1978 Rangers Rod Gilbert
18%
1983-2003 Devils Ken Daneyko
15%
1973-1989 Canadiens Bob Gainey
14%
1949-1971 Maple Leafs George Armstrong
9%
1942-1957 Maple Leafs Ted Kennedy
8%
No matching quizzes found
Score Distribution
Percent of People with Each Score
Percentile by Number Answered
Your Score History
You have not taken this quiz